Central Library || Chittagong University

Experiencing climate change in Bangladesh : (Record no. 112843)

MARC details
000 -LEADER
fixed length control field 00649nam a22002057a 4500
003 - CONTROL NUMBER IDENTIFIER
control field BD-ChCU
005 - DATE AND TIME OF LATEST TRANSACTION
control field 20260511094130.0
008 - FIXED-LENGTH DATA ELEMENTS--GENERAL INFORMATION
fixed length control field 260511b ny ||||| |||| 00| 0 eng d
020 ## - INTERNATIONAL STANDARD BOOK NUMBER
International Standard Book Number 9780128034040
040 ## - CATALOGING SOURCE
Transcribing agency BD-ChCU
082 ## - DEWEY DECIMAL CLASSIFICATION NUMBER
Edition number 23
Classification number 304.25095492 M733e
100 ## - MAIN ENTRY--PERSONAL NAME
Personal name Momtaz, Salim.
9 (RLIN) 22715
245 ## - TITLE STATEMENT
Title Experiencing climate change in Bangladesh :
Remainder of title vulnerability and adoptation in coastal regions /
Statement of responsibility, etc. Salim Momtaz.
260 ## - PUBLICATION, DISTRIBUTION, ETC.
Place of publication, distribution, etc. New York :
Name of publisher, distributor, etc. Elsevier,
Date of publication, distribution, etc. 2026
300 ## - PHYSICAL DESCRIPTION
Extent 157 P. :
504 ## - BIBLIOGRAPHY, ETC. NOTE
Bibliography, etc. note Includes.
650 #0 - SUBJECT ADDED ENTRY--TOPICAL TERM
Topical term or geographic name entry element Sea level -Bangladesh ; Climate change.
9 (RLIN) 22716
700 ## - ADDED ENTRY--PERSONAL NAME
Personal name Shameem, Masud Iqbal Md.
9 (RLIN) 22718
942 ## - ADDED ENTRY ELEMENTS (KOHA)
Source of classification or shelving scheme Dewey Decimal Classification
Koha item type Books
Suppress in OPAC No
Holdings
Withdrawn status Lost status Source of classification or shelving scheme Damaged status Not for loan Home library Current library Shelving location Date acquired Source of acquisition Total Checkouts Full call number Barcode Date last seen Copy number Price effective from Koha item type
    Dewey Decimal Classification     Chittagong University Library Chittagong University Library Business and Social Science Reading Room 05/11/2026 purchase   304.25095492 M733e 343409 05/11/2026 C-1 05/11/2026 Books
    Dewey Decimal Classification     Chittagong University Library Chittagong University Library Business and Social Science Reading Room 05/11/2026 purchase   304.25095492 M733e 343410 05/11/2026 C-2 05/11/2026 Books
© Copyright 2026. Chittagong University Library, Installation and Maintenance by Prof. Dr. Md. Alamgir, 01711306253